Podium Biathlon 24/25 - femme - Statistiques

Statistiques générales
  • Ce quiz a été pris 450 fois
  • Le résultat moyen est 8 sur 22
Answers on the Grid
Answers color-coded by a green-red scale on the quiz's grid according to % correct below.
Lou Jeanmonnot
Marketa Davidova
Elvira Oberg
Franziska Preuss
Justine Braisaz-Bouchet
Selina Grotian
Paula Botet
Ingrid Tandrevold
Océane Michelon
Jeanne Richard
Suvi Minkkinen
Maren Kirkeeide
Dorothea Wierer
Hanna Oberg
Lisa Vitozzi
Lena Haecki-Gross
Ella Halvarsson
Sophie Chauveau
Karoline Knotten
Vanessa Voigt
Anamarija Lampic
Paulina Batovska-Fialkova
Milena Todorova
Amy Baserga
Lisa-Theresa Hauser
Anna Magnusson
Lotte Lie
Julia Tannheimer
Juni Arnekleiv
Yuliia Dzhima
 
Statistiques - réponses
Réponse % Correct
Lou Jeanmonnot
71%
Franziska Preuss
65%
Justine Braisaz-Bouchet
60%
Elvira Oberg
59%
Océane Michelon
54%
Paula Botet
48%
Hanna Oberg
46%
Jeanne Richard
42%
Suvi Minkkinen
39%
Maren Kirkeeide
38%
Ingrid Tandrevold
35%
Selina Grotian
32%
Ella Halvarsson
30%
Lena Haecki-Gross
28%
Anamarija Lampic
26%
Sophie Chauveau
24%
Vanessa Voigt
24%
Paulina Batovska-Fialkova
23%
Marketa Davidova
21%
Karoline Knotten
20%
Milena Todorova
18%
Amy Baserga
8%
Aucun quiz correspondant
Distribution des résultats
% des personnes avec chaque résultat
Percentile par nombre de réponses
Votre historique - résultats
Vous n’avez pas pris ce quiz